000 00376nam a2200157Ia 4500
005 20240807062129.0
008 240806s9999||||xx |||||||||||||| ||eng||
041 _aeng
082 _a891.4309
_bSINM
100 _aIsngh Kedar Nath
245 0 _aMere samay ke shabd /
_cIsngh Kedar Nath
260 _bRadhakrishan Pra. Delhi
300 _a375
650 _aHindi
942 _cBK
999 _c9401
_d9401